| 000 | 00863nam a2200277 i 4500 | ||
|---|---|---|---|
| 001 | 000010266 | ||
| 003 | DO-SdBNP | ||
| 005 | 20240412074216.0 | ||
| 007 | ta | ||
| 008 | 091006s2000 dr ac 001 0 spa d | ||
| 040 |
_aDO-SdBNP _bspa _cBNPHU _erda |
||
| 082 | 4 |
_aRD861.44 _bH519m _222 |
|
| 100 | 1 |
_aHenríquez, Eusebio _925281 |
|
| 245 | 1 | 0 |
_aMithos / _cEusebio Henríquez ; prólogo Luis Buro. |
| 264 |
_aSanto Domingo : _bT-Graf, _c2000. |
||
| 300 |
_a55 páginas : _bilustraciones y retratos ; _c16 cm. |
||
| 336 |
_2rdacontent _atexto _btxt |
||
| 337 |
_2rdamedia _asin mediación _bn |
||
| 338 |
_2rdacarrier _avolumen _bnc |
||
| 590 | _aInventariado, 2022/MFF | ||
| 650 | 4 |
_aPoesía dominicana _966 |
|
| 650 | 0 |
_aLiteratura dominicana. _967 |
|
| 700 | 1 |
_aBeiro, Luis, _eprólogo _925282 |
|
| 910 | _aValidado. Control de calidad MFF | ||
| 942 |
_2ddc _cLBS1 |
||
| 999 |
_c10025 _d10025 |
||